Research Methods For Engineers (Record no. 340352)

MARC details
000 -LEADER
fixed length control field 00478nam a2200169Ia 4500
008 - FIXED-LENGTH DATA ELEMENTS--GENERAL INFORMATION
fixed length control field 230718s9999 xx 000 0 und d
020 ## - INTERNATIONAL STANDARD BOOK NUMBER
International Standard Book Number 9781107610194
041 ## - LANGUAGE CODE
Language code of text/sound track or separate title eng
082 ## - DEWEY DECIMAL CLASSIFICATION NUMBER
Classification number 301.072
Item number THI
100 ## - MAIN ENTRY--PERSONAL NAME
Personal name Thiel D.V.
9 (RLIN) 197933
245 ## - TITLE STATEMENT
Title Research Methods For Engineers
260 ## - PUBLICATION, DISTRIBUTION, ETC. (IMPRINT)
Date of publication, distribution, etc. 2014
Name of publisher, distributor, etc. Cambridge
300 ## - PHYSICAL DESCRIPTION
Extent 291
Accompanying material [OBSOLETE, CAN/MARC] Ref 884 I ME (51559)
365 ## - TRADE PRICE
Currency code Rs.
Price amount 2619.00
700 ## - ADDED ENTRY--PERSONAL NAME
Personal name Thiel D.V.
9 (RLIN) 197933
906 ## - LOCAL DATA ELEMENT F, LDF (RLIN)
d O:0468014-Sep-2015B:201005-Aug-2015
c ME INS
b 654.75
Holdings
Withdrawn status Lost status Source of classification or shelving scheme Reference No Damaged status Not for loan Home library Current library Date acquired Vendor Budget Code Cost, normal purchase price Bill number Full call number Barcode Date last seen Discount Cost, replacement price Bill Date Koha item type Original Barcode
    Dewey Decimal Classification Ref 884 I (51559)   Reference Cummins College of Engineering for Women Pune Cummins College of Engineering for Women Pune 14/09/2015 Vaibhav Book House ME INS 1964.25 2010 301.072 CCEP-BK-51559 18/07/2023 654.75 2619.00 05/08/2015 Books 051559